| 000 | 00793nam a22002897a 4500 | ||
|---|---|---|---|
| 001 | BR2014006518 | ||
| 003 | BR-BrBNA | ||
| 005 | 20230928104515.0 | ||
| 007 | ta | ||
| 008 | 230509b bl.||||| |||| 00| 0 por d | ||
| 040 |
_aBR-BrBNA _bpor _cBiblioteca Nacional de Agricultura |
||
| 041 | _a(Por) | ||
| 072 |
_aF03 _b3575 |
||
| 090 | _ 3575 BR2014006518 | ||
| 110 | 1 |
_aBayer Cropscience, São Paulo, SP (Brasil) _91239 |
|
| 245 | 1 | _aO tratamento de sementes mais completo | |
| 260 | 3 |
_aSão Paulo, SP (Brasil): _c[nd]. |
|
| 300 | _a23 p. | ||
| 500 | _aPublished 2013?; 21 illus.; 37 graphs | ||
| 650 | _aSEMENTE | ||
| 650 | _aSAFRA | ||
| 650 | _aCONTROLE INTEGRADO | ||
| 650 | _aPRODUTIVIDADE | ||
| 650 | _aARMAZENAMENTO | ||
| 909 |
_a202309 _bLucia _c55 _dLucia Elande |
||
| 942 | _cBK | ||
| 999 |
_c80302 _d80302 |
||